Popularne polskie piosenki w tym tygodniu. 04-10.12. - Statystyki

Ogólne statystyki
  • Ten quiz został rozwiązany 11 razy
  • Średni wynik to 14 z 30
Statystyki odpowiedzi
Artysta Wyświetlenia Piosenka % Poprawnych
Guzior feat. Oskar83 2.58M FALA
91%
Guzior 2.81M BLUEBERRY
82%
Kubańczyk 1.32M Lady Pank 2
82%
Wiatr feat. Sobel, Be Vis 1.39M Testarossa
82%
ReTo 635K Billy Kid
73%
Alberto 675K Dwutakt
73%
Sobel 710K Impreza
73%
chillwagon 2.56M jeden jeden
73%
Kabe 1.58M Nad ranem
73%
Kali & Major SPZ 727K Mona Lisa
64%
Masno 952K OMAMA
64%
Guzior 735K KUSHKOMA
55%
Masno feat. Hellfield 648K MAMALE
55%
Pezet feat. Kayah 742K Nisko jest niebo
55%
Guzior 2.15M TRAPSTAR
55%
Kabe 598K FEFE
45%
Wac Toja 760K Kapitan
45%
Słoń 774K X
45%
Florek feat. Młodypago, Piluś 1.42M Buzi
36%
Ronnie Ferrari 1.07M Szubienica
36%
Sobel feat. Michał Szczygieł 591K Daj Mi Znać
27%
Dr.SWAG 608K Zerujemy 07
27%
Ala Tracz 910K I'll Be Standing
18%
Kizo 983K Akwen
9%
Słoń 699K Na Celowniku
9%
Sanah 763K No sory
9%
Syberia Tdw 832K Tango
9%
Kwestia 07 615K Toksyna
9%
BARANOVSKI 1.19M Lubię być z nią
0%
Vivat 1.05M Oddam ci wszystko
0%
Nie znaleziono quizów pasujących do podanych kryteriów
Rozkład punktacji
Procent ludzi z każdym wynikiem
Percentyl według liczby udzielonych odpowiedzi
Twoja historia wyników
Nie rozwiązałeś tego quizu